V SEVEROMORAVSKOM KRAJI

Bibliographic Details
Main Author: - r - (Author)
Format: Article
Language:Slovak

MARC

LEADER 00000nab a2200000uu 4500
001 vtls011493837
003 SK-MaSNL
005 20260303105600.0
008 230121| xo |||||||||||||||||slo|
015 |a SNBRB 
035 |a (urnnbn)urn:nbn:sk:snk:ar-007rgs 
035 |a (uuid)762ecd81-6be5-4dde-a7ab-affe067d46ab 
035 |a urn:nbn:sk:snk-abdi90 
040 |a SNKBUCL  |b slo  |c SNKBUCL  |e AACR2 
041 0 |a slo 
044 |a xo  |c SK 
100 1 |a - r -  |4 aut  |9 1079062 
245 1 0 |a V SEVEROMORAVSKOM KRAJI  |c - R - 
773 0 |t Vychovávateľ  |g Roč. 33, č. 9 (1988-1989), s. 17 
954 |a odborná, vedecká literatúra pôvodná (slovenská)  |2 lita 
958 |a OND 
958 |a EUIPO 
958 |a article18 
999 |c 1863821  |d 1865751